000 00565nam a2200193 a 4500
005 20231017063830.0
008 040422s2003 mx r 000 0 spa d
020 _a9702600774
035 _aUPN01000133010
049 _aCG
050 4 _aHF5351
_bS4.2
100 1 _aServitje Sendra, Roberto
245 1 0 _aBimbo :
_bestrategia de éxito empresarial /
_cRoberto Servitje Sendra.
260 _aMéxico :
_bPearson Educación,
_c2003.
300 _a275 p.
650 4 _aNegocios
_xAdministración
_98730
650 4 _aEXITO EN LOS NEGOCIOS
_94477
905 _aLibro
999 _c105163
_d105163